000 00285nam a22001097a 4500
008 160512b xxu||||| |||| 00| 0 eng d
020 _a9786082293554
041 _aeng
080 _a542
245 _aKimia moderne ne qumeshtari / Vellimi 3:
_cP.L.H Meksvini; P.F. Foks;
942 _2udc
_cBK
999 _c2079
_d2079